00415nam a2200145 a 450008200190000010000160001924500460003526000350008130000090011650000350012565000230016065000360018365000340021970000160025300a338.9549bBHA1 aBhatia, B M aPakistan`s Econimic Development 1948-1988 aDelhibKonark Publishersc1989 a323p aincludes index and biblioraphy aEconomics-Pakistan aDevelopment Strategies-Pakistan aPakistan-Economic Development1 aBhatia, B M